| 000 | 00381nam a22001337a 4500 | ||
|---|---|---|---|
| 008 | 230623b xxu||||| |||| 00| 0 eng d | ||
| 020 | _a9966900012 | ||
| 082 |
_a330. _bMWE 1994 |
||
| 245 | _aMacroeconomic Constaints and Medium-Term Growth in Kenya: A Three-Gap Analysis | ||
| 260 |
_bAfrican Economic Research Consortium _c1994 |
||
| 300 | _a30p | ||
| 440 | _n23 | ||
| 942 |
_2ddc _cBK |
||
| 999 |
_c2402 _d2402 |
||